The accidental Zucchini : (Record no. 8472)

MARC details
000 -LEADER
fixed length control field 00954nam a22002777a 4500
001 - CONTROL NUMBER
control field 8472
003 - CONTROL NUMBER IDENTIFIER
control field FISKH
005 - DATE AND TIME OF LATEST TRANSACTION
control field 20250915113842.0
008 - FIXED-LENGTH DATA ELEMENTS--GENERAL INFORMATION
fixed length control field 250915b cb ||||| |||| 00| 0 eng d
020 ## - INTERNATIONAL STANDARD BOOK NUMBER
International Standard Book Number 9780152015459
040 ## - CATALOGING SOURCE
Original cataloging agency FISKH
Language of cataloging eng
Transcribing agency FISKH
Modifying agency FISKH
050 ## - LIBRARY OF CONGRESS CALL NUMBER
Classification number PE1155 .G78
082 ## - DEWEY DECIMAL CLASSIFICATION NUMBER
Classification number 421.1
100 ## - MAIN ENTRY--PERSONAL NAME
Personal name Grover, Max
245 ## - TITLE STATEMENT
Title The accidental Zucchini :
Remainder of title An unexpected alphabet /
Statement of responsibility, etc. By Max Gorver
250 ## - EDITION STATEMENT
Edition statement First Voyager Books edition 1997
260 ## - PUBLICATION, DISTRIBUTION, ETC.
Place of publication, distribution, etc. London:
Name of publisher, distributor, etc. Harcourt, Inc. ,
Date of publication, distribution, etc. 1993.
300 ## - PHYSICAL DESCRIPTION
Extent 34 unnumbered pages :
Other physical details color illustrations ;
Dimensions 27 cm.
505 ## - FORMATTED CONTENTS NOTE
Formatted contents note F <br/>
520 ## - SUMMARY, ETC.
Summary, etc. Each letter of the alphabet is represented by an unusual combination of objects, such as "fork fence," "octopus overalls," and "umbrella underwear."
521 8# - TARGET AUDIENCE NOTE
Target audience note 350 <br/>
Source Lexile estimate <br/>
521 8# - TARGET AUDIENCE NOTE
Target audience note F <br/>
Source Raz-Plus <br/>
650 ## - SUBJECT ADDED ENTRY--TOPICAL TERM
Topical term or geographic name entry element English language-Alphabet
Form subdivision Juvenile Literature
942 ## - ADDED ENTRY ELEMENTS (KOHA)
Source of classification or shelving scheme Dewey Decimal Classification
Koha item type Books
Suppress in OPAC No
Holdings
Withdrawn status Lost status Source of classification or shelving scheme Damaged status Not for loan Home library Current library Shelving location Date acquired Total Checkouts Full call number Barcode Date last seen Price effective from Koha item type
    Dewey Decimal Classification     Footprints International School Library Network Toul Tom Poung Campus Footprints International School Library Network Toul Tom Poung Campus TTP Primary Green Bookshelves 09/15/2025   GRO 421.1 PE1155 .G78 FIS03697 09/15/2025 09/15/2025 Books